000 01368na a2200325 4500
001 15139
003 MIRAKIL
005 20181213155241.0
008 160920b tu 000 0
020 _a9751932009
022 _a02595036
035 _a15139
040 _aMilas
_btur
_cTR-AnCHP
041 _atur
_aeng
082 _a331.11021 2001
_bT95h 2003
090 _a331.11021 2001 T95h 2003
110 _aTürkiye İstatistik Kurumu (TÜİK)
245 _aHanehalkı işgücü istatistikleri 2001
_b= Household labour force statistics
_cDevlet İstatistik Enstitüsü (DİE)
246 _aHousehold labour force statistics
260 _aAnkara
_bDevlet İstatistik Enstitüsü (DİE)
_c2003
300 _axxvı, 497 s.
_btbl. , grf.
_c30 sm.
490 _aDevlet İstatistik Enstitüsü
_v2713
500 _aKurumun yeni adı: Türkiye İstatistik Kurumu (TÜİK)
500 _a2000 itibariyle Hanehalkı İşgücü Anketi Sonuçları Türkiye, kent ve kır tahminlerinin yanı sıra yedi coğrafi bölge ve dokuz il merkezi içinde verilmeye başlanmıştır.
546 _aMetinler Türkçe-İngilizce karşılıklıdır.
650 _aİşgücü
_vİstatistikler
_ySüreli yayınlar
_zTürkiye
650 _aİşgücü arzı
_vSüreli yayınlar
_yİstatistikler
_zTürkiye
651 _aTürkiye
_xEkonomik durum
_yİstatistikler
942 _2ddc
_cBKS
999 _c9264
_d9264